Catch a falling rent! Rent reviews (sound recording). (Record no. 85343)

MARC details
000 -LEADER
fixed length control field 00892cgm a2200265 4500
001 - CONTROL NUMBER
control field J614
008 - FIXED-LENGTH DATA ELEMENTS--GENERAL INFORMATION
fixed length control field 090401t1992 xxu||||| |||| 00| 0 eng d
035 ## - SYSTEM CONTROL NUMBER
System control number (Sirsi) u75779
041 ## - LANGUAGE CODE
Language code of text/sound track or separate title eng
050 ## - LIBRARY OF CONGRESS CALL NUMBER
Classification number 346.4104344
100 ## - MAIN ENTRY--PERSONAL NAME
Personal name Gillett, Alan
245 ## - TITLE STATEMENT
Title Catch a falling rent! Rent reviews (sound recording).
260 ## - PUBLICATION, DISTRIBUTION, ETC.
Place of publication, distribution, etc. London
Name of publisher, distributor, etc. RICS
Date of publication, distribution, etc. 1992
300 ## - PHYSICAL DESCRIPTION
Extent 1 sound cassette (60 min.)
350 ## - PRICE (NR) (BK AM CF MU VM SE) [OBSOLETE]
Price 8.7
490 ## - SERIES STATEMENT
Series statement Owlion Audio Programme
520 ## - SUMMARY, ETC.
Summary, etc. This programme deals with the subject of settling rent review arbitrations . Aimed at both Arbitrators and those who need to know more about the dispute procedure.
650 ## - SUBJECT ADDED ENTRY--TOPICAL TERM
Topical term or geographic name entry element AUDIO CASSETTES
690 ## - LOCAL SUBJECT ADDED ENTRY--TOPICAL TERM (OCLC, RLIN)
Topical term or geographic name as entry element LANDLORD AND TENANT-RENT REVIEWS
700 ## - ADDED ENTRY--PERSONAL NAME
Personal name Holland, Robert
710 ## - ADDED ENTRY--CORPORATE NAME
Corporate name or jurisdiction name as entry element Royal Institution of Chartered Surveyors
9 (RLIN) 4900
710 ## - ADDED ENTRY--CORPORATE NAME
Corporate name or jurisdiction name as entry element College of Estate Management
9 (RLIN) 400
942 ## - ADDED ENTRY ELEMENTS (KOHA)
Suppress in OPAC 0
948 ## - LOCAL PROCESSING INFORMATION (OCLC); SERIES PART DESIGNATOR (RLIN)
c (OCLC) 04/03/1997
Holdings
Withdrawn status Lost status Source of classification or shelving scheme Damaged status Not for loan Home library Current library Shelving location Date acquired Cost, normal purchase price Total Checkouts Full call number Barcode Date last seen Date last checked out Copy number Cost, replacement price Price effective from Koha item type
    Dewey Decimal Classification     London London Basement 14/09/1999 14.10 8 SHELF 330 30057904 06/08/2019 07/04/2004 1 14.10 06/08/2019 Audio